000 00589nam a2200193 a 4500
001 sa 68012627
003 DLC
005 20260227112612.0
008 970905s1968 ii 000 0 mar
010 _asa 68012627
040 _aDLC
_cDLC
050 0 0 _aPK2418.M3137
_bP3
100 0 0 _aManamohana,
_d1914-
245 1 0 _aPānapata, Marāṭhī itihāsātalā eka ajarāmara prasṅga :
_bromaharshaka aitihāsika kādambarī /
_cManamohana.
250 _aPrathamāvr̥tti.
260 _aSolāpūra :
_bSurasa granthamālā,
_c1968.
300 _a225 cm. :
_c19 cm.
546 _aIn Marathi.
999 _c84630
_d84630